Countries of the world NO MAP - Hard Version - Statistics

General Stats
  • This quiz has been taken 8,280 times
  • The average score is 166 of 196
Answer Stats
Answer % Correct
United States
93%
Canada
92%
Mexico
90%
United KIngdom
89%
Argentina
88%
Belize
88%
Brazil
88%
Chile
88%
Colombia
88%
Costa Rica
88%
Cuba
88%
Dominican Republic
88%
El Salvador
88%
Guatemala
88%
Honduras
88%
Panama
88%
Russia
88%
Andorra
87%
Australia
87%
Bahamas
87%
Bolivia
87%
Dominica
87%
Estonia
87%
Finland
87%
France
87%
Guyana
87%
Haiti
87%
Ireland
87%
Jamaica
87%
Nicaragua
87%
Norway
87%
Paraguay
87%
Peru
87%
Portugal
87%
Spain
87%
St. Kitts and Nevis
87%
St. Lucia
87%
St. Vincent and the Grenadines
87%
Suriname
87%
Sweden
87%
Uruguay
87%
Venezuela
87%
Antigua and Barbuda
86%
Barbados
86%
China
86%
Denmark
86%
Ecuador
86%
Egypt
86%
Germany
86%
Greece
86%
Iceland
86%
Latvia
86%
Liechtenstein
86%
Lithuania
86%
North Korea
86%
Poland
86%
Slovakia
86%
Slovenia
86%
South Korea
86%
Vatican City
86%
Albania
85%
Algeria
85%
Austria
85%
Azerbaijan
85%
Belarus
85%
Belgium
85%
Bosnia and Herzegovina
85%
Croatia
85%
Hungary
85%
India
85%
Indonesia
85%
Iran
85%
Iraq
85%
Italy
85%
Japan
85%
Kazakhstan
85%
Lebanon
85%
Lesotho
85%
Luxembourg
85%
Malta
85%
Monaco
85%
Netherlands
85%
New Zealand
85%
Oman
85%
Pakistan
85%
San Marino
85%
Serbia
85%
South Africa
85%
Swaziland
85%
Switzerland
85%
Trinidad and Tobago
85%
Ukraine
85%
Yemen
85%
Afghanistan
84%
Armenia
84%
Bahrain
84%
Bulgaria
84%
Cambodia
84%
Cyprus
84%
Czech Republic
84%
Dem. Rep. of the Congo
84%
Fiji
84%
Georgia
84%
Ghana
84%
Grenada
84%
Guinea
84%
Israel
84%
Kosovo
84%
Kyrgyzstan
84%
Laos
84%
Libya
84%
Malaysia
84%
Montenegro
84%
Morocco
84%
Niger
84%
Qatar
84%
Romania
84%
Rwanda
84%
Saudi Arabia
84%
South Sudan
84%
Sudan
84%
Syria
84%
Tajikistan
84%
Thailand
84%
Turkey
84%
Turkmenistan
84%
Uzbekistan
84%
Vanuatu
84%
Vietnam
84%
Zambia
84%
Zimbabwe
84%
Angola
83%
Benin
83%
Bhutan
83%
Brunei
83%
Burundi
83%
Chad
83%
Djibouti
83%
East Timor
83%
Eritrea
83%
Ethiopia
83%
Gambia
83%
Guinea Bissau
83%
Jordan
83%
Kenya
83%
Kiribati
83%
Kuwait
83%
Mali
83%
Marshall Islands
83%
Mauritania
83%
Mauritius
83%
Moldova
83%
Mongolia
83%
Mozambique
83%
Myanmar
83%
Namibia
83%
Nauru
83%
Nigeria
83%
Palau
83%
Republic of the Congo
83%
Samoa
83%
Senegal
83%
Seychelles
83%
Singapore
83%
Somalia
83%
Taiwan
83%
Togo
83%
Tonga
83%
Tunisia
83%
Tuvalu
83%
Uganda
83%
United Arab Emirates
83%
Bangladesh
82%
Botswana
82%
Cape Verde
82%
Central African Republic
82%
Comoros
82%
Equatorial Guinea
82%
Fed. States of Micronesia
82%
Gabon
82%
Liberia
82%
Maldives
82%
Nepal
82%
Papua New Guinea
82%
Philippines
82%
Sierra Leone
82%
Solomon Islands
82%
Sri Lanka
82%
Tanzania
82%
Burkina Faso
81%
Cameroon
81%
Côte d'Ivoire
81%
Madagascar
81%
São Tomé and Príncipe
81%
Malawi
79%
Macedonia
77%
No matching quizzes found
Score Distribution
Percent of People with Each Score
Percentile by Number Answered
Your Score History
You have not taken this quiz